00674nam a2200241 a 4500001001300000003000900013005001700022008004100039020001000080082001600090100001900106245004500125260002800170300000900198500003500207505001500242650002900257700001900286902000800305942000700313952009700320999001500417nice12345678IN_TiNIC20260116012856.0050524s1917 agra grp 000 0 eng  ac10000a220.07bCRO aCrosthwaite, A aTaswiron Par Suwal Aur Jawab, Roman Urdu aAgrabC.M.S Pressc1917 a102p aincludes index and biblioraphy2 aRoman Urdu aBible-Study and Teaching1 aCrosthwaite, A bSRS cBK 00104070aHMIbHMId2007-06-14g100.00l0o220.07 CROp10986r2007-06-14w2026-01-16yARB c8738d8738